Statistics for Countries, US States, Capitals, Elements, 100 Most Common Words: same starting letters

Click here to take the quiz!

General Stats

  • This quiz has been taken 286 times
  • The average score is 9 of 12

Answer Stats

ANSWER % Correct
{Monte}negro {Monte}video
97%
{Mauri}tania {Mauri}tius
93%
{India}na {India}napolis
90%
{Georg}etown {Georg}ia
89%
{Calif}ornia {Calif}ornium
87%
{Kings}ton {Kings}town
82%
{Colum}bia {Colum}bus
71%
{Austr}alia {Austr}ia
70%
{Ruthe}nium {Ruthe}rfordium
68%
{Germa}nium {Germa}ny
68%
{Alban}ia {Alban}y
45%
{Franc}e {Franc}ium
38%

Score Distribution

Percentile by Number Answered

Percent of People with Each Score

Your Score History

You have not taken this quiz